| 000 | 04000cgm a2200781Ii 4500 | ||
|---|---|---|---|
| 001 | ocn922379219 | ||
| 003 | OCoLC | ||
| 005 | 20241220164609.0 | ||
| 007 | vd cvaizq | ||
| 008 | 150928s2015 cau105 vleng d | ||
| 040 |
_aTEFMT _beng _erda _cTEFMT _dOCLCO _dTEF _dBDX _dPX0 _dIK2 _dWUX _dDVP _dUINTA |
||
| 024 | 1 | _a031398227632 | |
| 028 | 4 | 2 |
_a47595 _bRoadside Attractions LLC |
| 035 | _a(OCoLC)922379219 | ||
| 037 |
_bMidwest Tape _nhttp://www.midwesttapes.com |
||
| 041 | 1 |
_aeng _jeng _jspa _heng |
|
| 050 | 4 |
_aPN1997.2 _b.M7 2015 |
|
| 082 | 0 | 4 |
_a791.43/72 _223 |
| 049 | _aUCLB | ||
| 245 | 0 | 0 |
_aMr. Holmes / _cMiramax and Roadside Attractions, AI Film and BBC Films present ; directed by Bill Condon ; screenplay by Jeffrey Hatcher ; produced by Anne Carey, Iain Canning, Emile Sherman. |
| 246 | 3 | _aMister Holmes | |
| 264 | 1 |
_aSanta Monica, CA : _bLionsgate, _c[2015] |
|
| 300 |
_a1 videodisc (approximately 105 minutes) : _bsound, color ; _c4 3/4 in. |
||
| 336 | _atwo-dimensional moving image | ||
| 337 | _avideo | ||
| 338 | _avideodisc | ||
| 340 |
_b4 3/4 in. _2rda |
||
| 344 |
_adigital _boptical _gsurround _hDolby Digital 5.1 _2rda |
||
| 345 |
_awidescreen (2.35:1) _b24 fps _2rda |
||
| 346 |
_bNTSC _2rda |
||
| 347 |
_avideo file _bDVD video _eRegion 1 _2rda |
||
| 380 | _aMotion picture | ||
| 538 | _aDVD, NTSC, region 1, widescreen (2.35:1) presentation; Dolby Digital 5.1 surround. | ||
| 546 | _aIn English; English and Spanish subtitles; closed-captioned. | ||
| 588 | 0 | _aTitle from disc surface. | |
| 511 | 1 | _aIan McKellen, Laura Linney, Milo Parker, Hiroyuki Sanada. | |
| 508 | _aComposer, Carter Burwell ; film editor, Virginia Katz ; production designer, Martin Childs ; director of photography, Tobias Schliessler. | ||
| 500 | _aWidescreen. | ||
| 500 | _aBased on the novel "A Slight Trick of the Mind" by Mitch Cullin. | ||
| 500 | _aOriginally released as a motion picture in 2015. | ||
| 521 | 8 | _aMPAA rating: PG; for thematic elements, some disturbing images and incidental smoking. | |
| 520 | _aIn 1947, an aging Sherlock Holmes returns from a journey to Japan, where, in search of a rare plant with powerful restorative qualities, he has witnessed the devastation of nuclear warfare. Now, in his remote seaside farmhouse, Holmes faces the end of his days, with only the company of his housekeeper and her young son, Roger. Grappling with the diminishing powers of his mind, Holmes comes to rely upon the boy as he revisits the circumstances of the unsolved case that forced him into retirement. | ||
| 500 | _aSpecial features: Icon and Story featurettes. | ||
| 600 | 1 | 0 |
_aHolmes, Sherlock _vDrama. _95772627 |
| 650 | 0 |
_aOlder men _vDrama. _95745032 |
|
| 650 | 0 |
_aCold cases (Criminal investigation) _vDrama. _96431529 |
|
| 655 | 7 |
_aFeature films. _2lcgft |
|
| 655 | 7 |
_aCrime films. _2lcgft _95697955 |
|
| 655 | 7 |
_aDetective and mystery films. _2lcgft _95674335 |
|
| 655 | 7 |
_aVideo recordings for the hearing impaired. _2lcgft |
|
| 700 | 1 |
_aCondon, Bill, _d1955- _efilm director. _965745 |
|
| 700 | 1 |
_aHatcher, Jeffrey, _d1957- _escreenwriter. _96534987 |
|
| 700 | 1 |
_aCarey, Anne, _efilm producer. _917860 |
|
| 700 | 1 |
_aCanning, Iain, _efilm producer. _95872236 |
|
| 700 | 1 |
_aSherman, Emile, _efilm producer. _96221401 |
|
| 700 | 1 |
_aMcKellen, Ian, _eactor. _921070 |
|
| 700 | 1 |
_aLinney, Laura, _eactor. _976577 |
|
| 700 | 1 |
_aParker, Milo, _eactor. _95916737 |
|
| 700 | 1 |
_aSanada, Hiroyuki, _d1960- _eactor. _977998 |
|
| 700 | 1 |
_iMotion picture adaptation of (work): _aCullin, Mitch, _d1968- _tSlight trick of the mind. _96534988 |
|
| 710 | 2 |
_aMiramax Films, _eproduction company. _960905 |
|
| 710 | 2 |
_aRoadside Attractions (Firm), _eproduction company. _958984 |
|
| 710 | 2 |
_aAI Film, _eproduction company. _96417290 |
|
| 710 | 2 |
_aBBC Films, _eproduction company. _961997 |
|
| 710 | 2 |
_aLions Gate Entertainment (Firm), _edistributor. _95675069 |
|
| 938 |
_aBrodart _bBROD _n113711492 |
||
| 994 |
_aC0 _bUINTA |
||
| 999 |
_c202874 _d202874 |
||